MARC details
| 000 -LEADER |
| campo de control de longitud fija |
02540nam a2200457 i 4500 |
| 001 - NÚMERO DE CONTROL |
| campo de control |
83813 |
| 003 - IDENTIFICADOR DE NÚMERO DE CONTROL |
| campo de control |
ES-MaACL |
| 005 - FECHA Y HORA DE LA ÚLTIMA TRANSACCIÓN |
| campo de control |
20250831063035.0 |
| 007 - CAMPO FIJO DE DESCRIPCIÓN FÍSICA--INFORMACIÓN GENERAL |
| campo de control de longitud fija |
t| |
| 008 - DATOS DE LONGITUD FIJA--INFORMACIÓN GENERAL |
| campo de control de longitud fija |
041118e19221926sp abc||r 001 0dspa |
| 040 ## - FUENTE DE CATALOGACIÓN |
| Centro/agencia transcriptor |
ES-MaACL |
| 080 ## - NÚMERO DE LA CLASIFICACIÓN DECIMAL UNIVERSAL |
| Número de la Clasificación Decimal Universal |
929 Elcano, Juan Sebastián de |
| 080 ## - NÚMERO DE LA CLASIFICACIÓN DECIMAL UNIVERSAL |
| Número de la Clasificación Decimal Universal |
910(091) |
| 080 ## - NÚMERO DE LA CLASIFICACIÓN DECIMAL UNIVERSAL |
| Número de la Clasificación Decimal Universal |
523/524(091) |
| 080 ## - NÚMERO DE LA CLASIFICACIÓN DECIMAL UNIVERSAL |
| Número de la Clasificación Decimal Universal |
910.4(091) |
| 080 ## - NÚMERO DE LA CLASIFICACIÓN DECIMAL UNIVERSAL |
| Número de la Clasificación Decimal Universal |
910.4(100)"15" |
| 100 1# - ENTRADA PRINCIPAL--NOMBRE DE PERSONA |
| Nombre de persona |
Ispizua, Segundo de, |
| Fechas asociadas al nombre |
1869-1924 |
| Término indicativo de función/relación |
Autor |
| 9 (RLIN) |
65593 |
| 245 10 - MENCIÓN DEL TÍTULO |
| Título |
Historia de la geografía y de la cosmografía : |
| Resto del título |
en las Edades Antigua y Media con relación a los grandes descubrimientos marítimos realizados en los siglos XV y XVI por españoles y portugueses / |
| Mención de responsabilidad, etc. |
por Segundo de Ispizua |
| 260 ## - PUBLICACIÓN, DISTRIBUCIÓN, ETC. |
| Lugar de publicación, distribución, etc. |
Madrid : |
| Nombre del editor, distribuidor, etc. |
Gráficas Reunidas, S. A., |
| Fecha de publicación, distribución, etc. |
[1922-1926] |
| 300 ## - DESCRIPCIÓN FÍSICA |
| Extensión |
2 volúmenes : |
| Otras características físicas |
ilustraciones (blanco y negro), mapas, retratos ; |
| Dimensiones |
28 cm |
| 500 ## - NOTA GENERAL |
| Nota general |
Índice |
| 504 ## - NOTA DE BIBLIOGRAFÍA, ETC. |
| Nota de bibliografía, etc. |
Bibliografía |
| 505 0# - NOTA DE CONTENIDO CON FORMATO |
| Nota de contenido con formato |
Vol. 1. Partes primera y segunda (XVI, 536 páginas) - v. 2. Partes tercera y cuarta (XV, 411 páginas) |
| 505 0# - NOTA DE CONTENIDO CON FORMATO |
| Nota de contenido con formato |
Vol. 1. Parte primera: La Geografía en la Edad Antigua; Parte segunda: La Geografía en la Edad Media - v. 2. Parte tercera: La conquista y el dominio del mar; Parte cuarta: Hemisferio occidental |
| 530 ## - NOTA DISPONIBLE DE FORMULARIO FÍSICO ADICIONAL |
| Nota de formato físico adicional disponible |
Disponible en formato digital |
| 594 ## - NOTA AL TITULO Y MENCION DE RESPONSABILIDAD |
| Nota al título y mención de responsabilidad |
Precede al título: "La primera vuelta al mundo. IV Centenario: 1522-1922" |
| 594 ## - NOTA AL TITULO Y MENCION DE RESPONSABILIDAD |
| Nota al título y mención de responsabilidad |
En portada: "Obra que se escribe por encargo de la Junta de Cultura de la Excma. Diputación de Vizcaya, y por designación, a petición de ella, de la Real Academia de la Historia, para enaltecer a Juan Sebastián de Elcano y a los que con él dieron los Primeros la Vuelta al Mundo, ilustrada con numerosos Mapas Históricos, algunos de ellos reproducidos por primera vez de ediciones rarísimas" |
| 600 14 - PUNTO DE ACCESO ADICIONAL DE MATERIA--NOMBRE DE PERSONA |
| Nombre de persona |
Elcano, Juan Sebastián de, |
| Fechas asociadas al nombre |
ca. 1476-1526 |
| 9 (RLIN) |
126923 |
| 650 #4 - PUNTO DE ACCESO ADICIONAL DE MATERIA--TÉRMINO DE MATERIA |
| Término de materia o nombre geográfico como elemento de entrada |
Geografía- |
| Subdivisión de forma |
Historia |
| 9 (RLIN) |
171842 |
| 650 #4 - PUNTO DE ACCESO ADICIONAL DE MATERIA--TÉRMINO DE MATERIA |
| Término de materia o nombre geográfico como elemento de entrada |
Cosmografía- |
| Subdivisión de forma |
Historia |
| 9 (RLIN) |
157219 |
| 650 #4 - PUNTO DE ACCESO ADICIONAL DE MATERIA--TÉRMINO DE MATERIA |
| Término de materia o nombre geográfico como elemento de entrada |
Descubrimientos geográficos- |
| Subdivisión de forma |
Historia |
| 9 (RLIN) |
11830 |
| 650 #4 - PUNTO DE ACCESO ADICIONAL DE MATERIA--TÉRMINO DE MATERIA |
| Término de materia o nombre geográfico como elemento de entrada |
Viajes alrededor del mundo- |
| Subdivisión cronológica |
S.XVI |
| 9 (RLIN) |
17781 |
| 710 2# - ENTRADA AGREGADA--NOMBRE DE ENTIDAD CORPORATIVA |
| Nombre de entidad corporativa o nombre de jurisdicción como elemento de entrada |
Gráficas Reunidas, S.A. (Madrid) |
| Término indicativo de función/relación |
Editor |
| 9 (RLIN) |
242139 |
| 740 32 - ENTRADA AGREGADA--TÍTULO RELACIONADO/ANALÍTICO NO CONTROLADO |
| Título relacionado o analítico no controlado |
La primera vuelta al mundo. IV Centenario: 1522-1922 |
| 752 ## - ENTRADA AGREGADA--NOMBRE JERÁRQUICO DEL LUGAR |
| País o entidad superior |
España - |
| Ciudad |
Madrid |
| 852 4# - LOCALIZACIÓN |
| Ubicación |
ES-MaACL |
| Ubicación en estantería |
Sala Pardo Bazán |
| Número de control de estantería |
B-796-97 |
| Nota libre |
Revisado enlace: 31 de julio de 2025 |
| 856 4# - LOCALIZACIÓN Y ACCESO ELECTRÓNICOS |
| Identificador Uniforme de Recursos |
<a href="http://bdh-rd.bne.es/viewer.vm?id=0000081681&page=1 ">http://bdh-rd.bne.es/viewer.vm?id=0000081681&page=1 </a> |
| Texto de enlace |
Versión en línea |
| Nota pública |
(Biblioteca Digital Hispánica) |
| 942 ## - ELEMENTOS DE ENTRADA SECUNDARIOS (KOHA) |
| Tipo de ítem Koha |
Libro impreso |
| Suprimir en OPAC |
No |